| 000 | 00805cam a22002537i 4500 | ||
|---|---|---|---|
| 999 |
_c2592 _d2592 |
||
| 001 | 7119 | ||
| 003 | BD-DhUAP | ||
| 005 | 20200226121020.0 | ||
| 008 | 200226s1996 enka c 000 0 eng d | ||
| 020 | _a0500341494 | ||
| 040 |
_aYDX _beng _cYDX _erda _dCLE _dOCLCO _dCUY _dOMB _dNZAUC _dOCLCF _dOCLCA _dUKMGB _dUX0 _dOCLCO _dAU@ _dOCLCO _dOCL _dOCLCO _dBD-DhUAP |
||
| 042 | _alccopycat | ||
| 082 | 0 | 4 |
_a720.92 MEI _223 |
| 100 | _aMeier, Richard. | ||
| 245 | 1 | 0 |
_aRichard Meier houses / _cRichard Meier, Paul Goldberger and Richard Rogers. |
| 264 | 1 |
_aLondon : _bThames and Hudson, _cc1996. |
|
| 300 |
_a249 pages : _billustrations ; _c35 cm |
||
| 650 | _aArchitecture. | ||
| 650 | _aArchitecture, Domestic. | ||
| 650 | _aArchitects. | ||
| 700 | _aGoldberger, Paul. | ||
| 700 | _aRogers, Richard. | ||
| 942 |
_2ddc _cBK |
||